| 000 | 00370nam a2200133 i 4500 | ||
|---|---|---|---|
| 001 | bg | ||
| 100 | 1 | _aTOMICKI, Maciej | |
| 245 | 0 |
_aUsprawnienie rachunków kosztów przedsiębiorstw budowlanych : _bMateriały szkoleniowe / _cMaciej Tomicki. |
|
| 260 |
_aWarszawa, _c1970. |
||
| 040 | _cBPK | ||
| 041 | _apol | ||
| 942 | _cKS | ||
| 008 | s pl f |000 0 pol | ||
| 999 |
_c17306 _d17306 |
||
| 856 |
_uhttp://koha.tu.koszalin.pl/cgi-bin/koha/opac-detail.pl?biblionumber=17306 _yKatalog online BPK |
||